| 000 | | | 03782nmc2a22002413x 450 |
| 001 | | | 980a5a1e-459b-4735-a102-8f07f5025cf6 |
| 005 | | | 20210811103335.0 |
| 100 | ## | $a | 20200831l19031903k l0rusy0189 ca |
| 101 | 0# | $a | rus |
| 102 | ## | $a | RU |
| 105 | ## | $a | y### |
| 122 | 2# | $a | d |
| 200 | 1# | $a | Письмо О. Строгановой Анатолию Евграфовичу Молчанову о свидании для деловых переговоров |
| | $j | [1903] г. |
| 215 | ## | $a | 2 л. |
| | $d | 16,5х24 см |
| 251 | ## | $c | Дело |
| 300 | ## | $a | Письма и телеграммы Анатолию Евграфовичу Молчанову |
| 371 | ## | $a | Документ не является опубликованным и широко распространяемым |
| 461 | #0 | $1 | 001db61d72f-43f2-409f-8a83-e0351aa81d78 |
| | $1 | 2001 |
| | $a | Молчанов Анатолий Евграфович (1856-1921), вице-президент Русского театрального общества, редактор журнала "Ежегодник императорских театров", председатель правления Русского общества пароходства и торговли |
| | $1 | 251 |
| | $c | Фонд |
| | $1 | 852 |
| | $j | 678 |
| 462 | #0 | $1 | 0019dad07dd-c609-4d13-9b36-4e45395a7de5 |
| | $1 | 2001 |
| | $a | 1791-1921 гг. |
| | $1 | 251 |
| | $c | Опись |
| | $1 | 852 |
| | $j | 1 |
| 801 | #0 | $a | RU |
| | $b | РГИА |
| | $c | 20200831 |
| | $g | RCR |
| 801 | #1 | $a | RU |
| | $b | ГлавНИВЦ |
| | $c | 20200831 |
| | $2 | rusmarc |
| 801 | #2 | $a | RU |
| | $b | ПБ им. Б.Н. Ельцина |
| | $c | 20210811 |
| | $g | RCR |
| | $2 | rusmarc |
| 850 | ## | $a | РГИА |
| 852 | ## | $a | РГИА |
| | $e | Федеральное казенное учреждение "Российский государственный исторический архив" (РГИА) |
| | $j | 743 |
| 937 | ## | $h | РГИА |
| | $d | 12321968 |
| | $a | ASBIBLIO_SCAN |
| 035 | ## | $a | RusGRCC00024975 |
| 856 | ## | $u | http://readingroom.main.prlib.ru/item.aspx?id_node=n167203743&mode=full |